000 00598nam a22001937a 4500
003 KOHA_MİRAKIL
005 20260330085621.0
008 260330b tu ||||| |||| 00| 0 tur d
020 _a9789750500497
040 _aTR-AnABB
_btur
_cTR-AnABB
041 _atur
082 _a305.5
_bBAL 2020
100 1 _aBali, Rıfat N.
245 1 0 _aTarz-ı Hayat'tan Life Style'a :
_byeni seçkinler, yeni mekanlar,yeni yaşamlar /
_cRıfat N. Bali
260 _aİstanbul :
_bİletişim Yayınları ,
_c2020
300 _a376 sayfa :
_c20 cm
900 _bCem ÖZOGLU
942 _2ddc
_cBK
999 _c10055
_d10055